000 01245nam a2200325Ia 4500
001 ebr10135541
003 CaPaEBR
006 m u
007 cr cn|||||||||
008 020918s2003 nyu sb 001 0 eng d
010 _z 2002033306
020 _z1403981736
020 _z0312239696
040 _aCaPaEBR
_cCaPaEBR
035 _a(OCoLC)647535915
050 1 4 _aBL65.P7
_bR43355 2003eb
245 0 0 _aReligion and the formation of Taiwanese identities
_h[electronic resource] /
_cedited by Paul R. Katz and Murray A. Rubinstein.
250 _a1st ed.
260 _aNew York :
_bPalgrave Macmillan,
_c2003.
300 _a294 p.
504 _aIncludes bibliographical references and index.
533 _aElectronic reproduction.
_bPalo Alto, Calif. :
_cebrary,
_d2007.
_nAvailable via World Wide Web.
_nAccess may be limited to ebrary affiliated libraries.
650 0 _aReligion and politics
_zTaiwan.
650 0 _aNationalism
_zTaiwan.
655 7 _aElectronic books.
_2local
700 1 _aKatz, Paul R.,
_d1961-
700 1 _aRubinstein, Murray A.,
_d1942-
710 2 _aebrary, Inc.
856 4 0 _uhttp://site.ebrary.com/lib/rucke/Doc?id=10135541
_zAn electronic book accessible through the World Wide Web; click to view
999 _c85547
_d85547